000 00505nam a2200181Ia 4500
005 20250508154659.0
008 008 250505s9999 xx 000 0 eng d
037 _aTextual
040 _aFEDL
_beng
_cFEDL
041 _aeng
_2eng
084 _a377, HIL
_qFEDL
100 _aHilliard F H (et al...)
_9765856
245 0 _aChristianity in education
260 _aLondon, UK
_bGeorge Allen and Unwin Ltd.
_c1966
300 _a111p.
942 _cTEXL
_h377, HIL
999 _c1351573
_d1351573